000
00398nam a2200169Ia 4500
008
090711s9999 xx 000 0 und d
082
_b
37365
100
_a
साधले आनंद
245
_a
सय
260
_c
1972
300
_a
143
600
_a
साधले आनंद
630
_a
सय
700
_a
साधले आनंद
730
_a
सय
942
_c
BOOK
999
_c
327006
_d
327006